| 000 | 00452nam a22001457a 4500 | ||
|---|---|---|---|
| 008 | 240503b |||||||| |||| 00| 0 eng d | ||
| 020 | _a1589660129. | ||
| 050 | _aBT30.A4.A37 2002 | ||
| 100 |
_aKatongole , Emmanuel _952711 |
||
| 245 |
_aAfrican theology today; _cEmmanuel Katongole. |
||
| 260 |
_aUSA: _bScranton Press, _c2002. |
||
| 300 |
_axii; _b241p, _c23cm. |
||
| 650 |
_aTheology,doctrinal: _vcongress, _zAfrica, _952713 |
||
| 942 |
_2lcc _cMONOGRAPH |
||
| 999 |
_c131888 _d131888 |
||